000 01708nam a2200301Ia 4500
001 ebr10062746
003 CaPaEBR
006 m u
007 cr cn|||||||||
008 040924s2004 dcua gsb 100 0 eng d
020 _z0309089719
040 _aCaPaEBR
_cCaPaEBR
035 _a(OCoLC)60779292
050 1 4 _aHV6431
_b.N37 2004eb
110 2 _aNational Research Council (U.S.).
_bCommittee on Counterterrorism Challenges for Russia and the United States.
245 1 0 _aTerrorism
_h[electronic resource] :
_breducing vulnerabilities and improving responses : U.S.-Russian workshop proceedings /
_cCommittee on Counterterrorism Challenges for Russia and the United States, Office for Central Europe and Eurasia Development, Security, and Cooperation Policy and Global Affairs, in cooperation with the Russian Academy of Sciences ; National Research Council of the National Academies.
260 _aWashington, D.C. :
_bNational Academies Press,
_cc2004.
300 _axiii, 239 p. :
_bill.
504 _aIncludes bibliographical references.
533 _aElectronic reproduction.
_bPalo Alto, Calif. :
_cebrary,
_d2009.
_nAvailable via World Wide Web.
_nAccess may be limited to ebrary affiliated libraries.
650 0 _aTerrorism
_zUnited States
_xPrevention
_vCongresses.
650 0 _aTerrorism
_zRussia (Federation)
_xPrevention
_vCongresses.
650 0 _aCyberterrorism
_zUnited States
_xPrevention
_vCongresses.
650 0 _aCyberterrorism
_zRussia (Federation)
_xPrevention
_vCongresses.
655 7 _aElectronic books.
_2local
710 2 _aebrary, Inc.
856 4 0 _uhttp://site.ebrary.com/lib/rucke/Doc?id=10062746
_zAn electronic book accessible through the World Wide Web; click to view
999 _c47132
_d47132